ARRUPE JESUIT UNIVERSITY

CORONAVIRUS -STOP THE SPREAD - CLEAN,DISINFECT,COVER

The kneeling Christian / (Record no. 121440)

MARC details
000 -LEADER
fixed length control field 00678nam a22002415a 4500
001 - CONTROL NUMBER
control field 15182689
003 - CONTROL NUMBER IDENTIFIER
control field ARRUPE
005 - DATE AND TIME OF LATEST TRANSACTION
control field 20150108132725.0
008 - FIXED-LENGTH DATA ELEMENTS--GENERAL INFORMATION
fixed length control field 080215s2008 flu 000 0 eng
010 ## - LIBRARY OF CONGRESS CONTROL NUMBER
LC control number 2008923191
020 ## - INTERNATIONAL STANDARD BOOK NUMBER
International Standard Book Number 9780980098129 (pbk. : alk. paper)
040 ## - CATALOGING SOURCE
Original cataloging agency DLC
Transcribing agency DLC
100 1# - MAIN ENTRY--PERSONAL NAME
Personal name Anonymous
9 (RLIN) 13214
245 14 - TITLE STATEMENT
Title The kneeling Christian /
Statement of responsibility, etc Anonymous ;.
260 ## - PUBLICATION, DISTRIBUTION, ETC. (IMPRINT)
Place of publication, distribution, etc Massachusetts :
Name of publisher, distributor, etc Hendrickson Publishers,
Date of publication, distribution, etc 2006.
263 ## - PROJECTED PUBLICATION DATE
Projected publication date 0802
300 ## - PHYSICAL DESCRIPTION
Extent p. cm.
490 0# - SERIES STATEMENT
Series statement Pilgrim's pantry ;
Volume number/sequential designation v. 1
650 ## - SUBJECT ADDED ENTRY--TOPICAL TERM
Topical term or geographic name as entry element Christian life
9 (RLIN) 13215
906 ## - LOCAL DATA ELEMENT F, LDF (RLIN)
a 0
b ibc
c orignew
d 2
e epcn
f 20
g y-gencatlg
942 ## - ADDED ENTRY ELEMENTS (KOHA)
Source of classification or shelving scheme Library of Congress Classification
Koha item type Monograph ( Printed materials)
Holdings
Withdrawn status Lost status Source of classification or shelving scheme Damaged status Not for loan Collection code Home library Current library Shelving location Date acquired Total Checkouts Full call number Barcode Date last seen Date checked out Price effective from Koha item type
    Library of Congress Classification     Main Collection ARRUPE LIBRARY ARRUPE LIBRARY Main Collection 10/12/2014 1 BV4501.2.A615 46500003490 24/01/2017 18/03/2016 10/12/2014 Monograph ( Printed materials)

 

Arrupe Library. PO Box MP320 Mt Pleasant, Harare, Zimbabwe
263 242 745411|librarian@aju.ac.zw